000 00748nam a22002295a 4500
008 161030b xxu||||| |||| 00| 0 eng d
020 _a9781259010880
040 _aEG-ScBUE
_bENG
_cEG-ScBUE
082 0 4 _222
_a657.450973
_bTHI
100 1 _a Thibodeau, Jay C
245 1 0 _aAuditing and accounting cases :
_binvestigating issues of fraud and professional ethics /
_cJay C.Thibodeau, Deborah Freier.
250 _a4th ed.
_bInternational edition.
260 _aIrwin :
_bMcGraw-Hill ;
_c2014.
300 _axiii, 272 p. ;
_c24 cm.
500 _aIncludes bibliographical references.
590 _ashima
650 7 _2BUEsh
_aProfessional ethics
651 _2BUEsh
653 _bBUSADM
_cOctober2016
700 1 _tFreier, Deborah
942 _2ddc
999 _c22905
_d22877